[Event "Gorodets Small Kitezh op"]
[Site "Gorodets"]
[Date "2015.07.31"]
[Round "4"]
[White "Chubarov, Yuri"]
[Black "Borisov, Sergey N"]
[Result "1/2-1/2"]
[WhiteElo "1997"]
[BlackElo "1881"]
[PlyCount "40"]
[EventDate "2015.07.29"]
[EventType "swiss"]
[EventRounds "9"]
[EventCountry "RUS"]
[SourceTitle "CBM 167 Extra"]
[Source "ChessBase"]
[SourceDate "2015.09.14"]
[SourceVersion "1"]
[SourceVersionDate "2015.09.14"]
[SourceQuality "1"]

1. e4 c6 2. d4 d5 3. e5 Bf5 4. Nc3 e6 5. g4 Bg6 6. Nge2 Bb4 7. a3 Be4 8. Rg1 Bxc3+ 9. Nxc3 Bg6 10. Bf4 Nd7 11. Bg3 Ne7 12. h4 h5 13. f3 a6 14. b4 Nb6 15. Bd3 Bxd3 16. Qxd3 g6 17. Bf2 Nc4 18. Ke2 Qc7 19. Rgb1 b6 20. Nd1 b5 1/2-1/2

[Event "Nizhnij Novgorod Dubinin Memorial 22nd"]
[Site "Nizhnij Novgorod"]
[Date "2015.??.??"]
[Round "6"]
[White "Borisov, Sergey N"]
[Black "Gavrilov, Nikolay S"]
[Result "1/2-1/2"]
[WhiteElo "1813"]
[BlackElo "2024"]
[PlyCount "52"]
[EventDate "2015.01.03"]
[EventType "swiss"]
[EventRounds "9"]
[EventCountry "RUS"]
[SourceTitle "CBM 164 Extra"]
[Source "ChessBase"]
[SourceDate "2015.03.02"]
[SourceVersion "1"]
[SourceVersionDate "2015.03.02"]
[SourceQuality "1"]

1. e4 e5 2. Nf3 Nc6 3. Nc3 Nf6 4. d4 exd4 5. Nxd4 Bb4 6. Nxc6 bxc6 7. Bd3 d5 8. exd5 cxd5 9. 0-0 h6 10. Re1+ Be6 11. Bb5+ Kf8 12. a3 Bd6 13. Be2 c5 14. Bf3 Rb8 15. Ne2 Qc7 16. g3 g5 17. Nc3 d4 18. Ne4 Kg7 19. Nxf6 Kxf6 20. Rb1 Rhe8 21. b4 Bf5 22. Bb2 Rxe1+ 23. Qxe1 cxb4 24. Bxd4+ Be5 25. Rxb4 Bxd4 26. Rxd4 Bxc2 1/2-1/2

[Event "Nizhnij Novgorod Dubinin Memorial 22nd"]
[Site "Nizhnij Novgorod"]
[Date "2015.??.??"]
[Round "3"]
[White "Kozyrev, Daniil"]
[Black "Borisov, Sergey N"]
[Result "1-0"]
[WhiteElo "2127"]
[BlackElo "1813"]
[PlyCount "75"]
[EventDate "2015.01.03"]
[EventType "swiss"]
[EventRounds "9"]
[EventCountry "RUS"]
[SourceTitle "CBM 164 Extra"]
[Source "ChessBase"]
[SourceDate "2015.03.02"]
[SourceVersion "1"]
[SourceVersionDate "2015.03.02"]
[SourceQuality "1"]

1. d4 Nf6 2. Nf3 d5 3. g3 Nc6 4. Bg2 e6 5. 0-0 Bd6 6. c4 b6 7. Nc3 0-0 8. Bg5 Be7 9. cxd5 Nxd5 10. Nxd5 exd5 11. Bf4 Bd6 12. Ne5 Ne7 13. Rc1 Bb7 14. Qb3 Rb8 15. Rfd1 a5 16. a3 Qc8 17. Ng6 Qe6 18. Nxf8 Rxf8 19. Bxd6 Qxd6 20. Qc2 c6 21. Qb3 b5 22. Qc3 a4 23. e4 dxe4 24. Bxe4 f5 25. Bg2 f4 26. Qc5 Qf6 27. Qe5 fxg3 28. fxg3 Qf2+ 29. Kh1 Qf7 30. Rf1 Qe8 31. Rxf8+ Qxf8 32. Rf1 Qd8 33. Qe6+ Kh8 34. Rf7 Ng8 35. Qd7 Qg5 36. Qxb7 Qc1+ 37. Rf1 Qxb2 38. Qxc6 1-0

[Event "Nizhnij Novgorod Dubinin Memorial 22nd"]
[Site "Nizhnij Novgorod"]
[Date "2015.??.??"]
[Round "7"]
[White "Rostokin, Dmitry"]
[Black "Borisov, Sergey N"]
[Result "1-0"]
[WhiteElo "1979"]
[BlackElo "1813"]
[PlyCount "59"]
[EventDate "2015.01.03"]
[EventType "swiss"]
[EventRounds "9"]
[EventCountry "RUS"]
[SourceTitle "CBM 164 Extra"]
[Source "ChessBase"]
[SourceDate "2015.03.02"]
[SourceVersion "1"]
[SourceVersionDate "2015.03.02"]
[SourceQuality "1"]

1. e4 c6 2. Nf3 d5 3. Nc3 dxe4 4. Nxe4 Nf6 5. Ng3 g6 6. Bc4 Bg7 7. d4 Nbd7 8. h4 Nb6 9. Bb3 Bg4 10. Bxf7+ Kf8 11. Bb3 Nh5 12. Nxh5 Bxh5 13. c3 e5 14. Qd3 exd4 15. Nxd4 Bxd4 16. Qxd4 Qxd4 17. cxd4 Kg7 18. f3 Rhe8+ 19. Kf2 g5 20. hxg5 Bg6 21. Bf4 Nd5 22. Be5+ Kf8 23. g4 Ke7 24. f4 Be4 25. Rh6 Kd7 26. f5 Re7 27. Re1 Bd3 28. Bxd5 cxd5 29. Ke3 Be4 30. Rc1 1-0

[Event "Nizhnij Novgorod Region-ch"]
[Site "Nizhnij Novgorod"]
[Date "2013.10.19"]
[Round "8"]
[White "Borisov, Sergey N"]
[Black "Mylnikova, Olga"]
[Result "1/2-1/2"]
[WhiteElo "1866"]
[BlackElo "1820"]
[PlyCount "92"]
[EventDate "2013.10.19"]
[EventType "swiss"]
[EventRounds "9"]
[EventCountry "RUS"]
[SourceTitle "EXT 2022"]
[Source "ChessBase"]
[SourceDate "2021.10.06"]
[SourceVersion "1"]
[SourceVersionDate "2021.10.06"]
[SourceQuality "1"]

1. e4 c5 2. c3 e5 3. Bc4 Nc6 4. Nf3 Nf6 5. d3 Be7 6. Qe2 0-0 7. 0-0 d6 8. h3 a6 9. a4 Na5 10. Nbd2 Nxc4 11. Nxc4 b6 12. Ne3 Re8 13. c4 Bf8 14. Nh2 g6 15. Nc2 Bg7 16. Bd2 Nh5 17. Rab1 a5 18. Qf3 Rf8 19. g4 Nf4 20. Bxf4 exf4 21. Qxf4 f5 22. exf5 gxf5 23. g5 Be5 24. Qh4 Bxh2+ 25. Kxh2 f4 26. f3 Ra7 27. Rbe1 Rg7 28. Rg1 Bf5 29. Rd1 Qe8 30. Rg2 Qxa4 31. Rdd2 Qc6 32. Ne1 d5 33. Qf2 d4 34. h4 Re8 35. h5 Re3 36. Qh4 Qe6 37. Rd1 Qe5 38. Rg1 Re2+ 39. Rg2 Re7 40. g6 Rxe1 41. gxh7+ Kxh7 42. Qg5 Rxd1 43. Qg8+ Kh6 44. Qg5+ Kh7 45. Qg8+ Kh6 46. Qg5+ Kh7 1/2-1/2

[Event "Nizhnij Novgorod Region-ch"]
[Site "Nizhnij Novgorod"]
[Date "2013.10.19"]
[Round "6"]
[White "Borisov, Sergey N"]
[Black "Sakulo, Denis"]
[Result "1/2-1/2"]
[WhiteElo "1866"]
[BlackElo "1941"]
[PlyCount "81"]
[EventDate "2013.10.19"]
[EventType "swiss"]
[EventRounds "9"]
[EventCountry "RUS"]
[SourceTitle "EXT 2022"]
[Source "ChessBase"]
[SourceDate "2021.10.06"]
[SourceVersion "1"]
[SourceVersionDate "2021.10.06"]
[SourceQuality "1"]

1. e4 e6 2. d4 d5 3. Nd2 Nf6 4. e5 Nfd7 5. Bd3 c5 6. c3 Nc6 7. Ngf3 cxd4 8. cxd4 Qb6 9. Nb3 Be7 10. 0-0 a5 11. a4 0-0 12. Bg5 f6 13. exf6 Nxf6 14. Ne5 Bd6 15. Be3 Bd7 16. Nxd7 Nxd7 17. Nc5 Bxc5 18. dxc5 Qc7 19. Qh5 Nf6 20. Qh4 Qe5 21. Rfd1 h6 22. Re1 Qxb2 23. Rab1 Qc3 24. Red1 Ra7 25. Qg3 Kh8 26. Qd6 Re8 27. Bg6 Re7 28. Rb6 Ne8 29. Qg3 Qf6 30. Rdb1 d4 31. Bd2 Ne5 32. Bd3 Nxd3 33. Qxd3 Qe5 34. Re1 Qxc5 35. Rbxe6 Rxe6 36. Rxe6 Ra8 37. Bxh6 gxh6 38. Rxh6+ Kg8 39. Qg6+ Ng7 40. Qh7+ Kf7 41. Qg6+ 1/2-1/2

[Event "Nizhnij Novgorod Region-ch"]
[Site "Nizhnij Novgorod"]
[Date "2013.10.19"]
[Round "3"]
[White "Maksimov, Sergey A"]
[Black "Borisov, Sergey N"]
[Result "0-1"]
[WhiteElo "1769"]
[BlackElo "1866"]
[PlyCount "72"]
[EventDate "2013.10.19"]
[EventType "swiss"]
[EventRounds "9"]
[EventCountry "RUS"]
[SourceTitle "EXT 2022"]
[Source "ChessBase"]
[SourceDate "2021.10.06"]
[SourceVersion "1"]
[SourceVersionDate "2021.10.06"]
[SourceQuality "1"]

1. d4 d5 2. c4 e6 3. Nf3 Nf6 4. Nc3 Bb4 5. Qa4+ Nc6 6. e3 Bd7 7. Qc2 0-0 8. Bd3 h6 9. 0-0 Bd6 10. a3 dxc4 11. Bxc4 e5 12. b4 Bg4 13. Be2 exd4 14. Ne4 Nxe4 15. Qxe4 f5 16. Qe6+ Kh7 17. h3 Re8 18. Qf7 Rf8 19. Qb3 d3 20. Bd1 Bh5 21. Bb2 Bg6 22. b5 Ne7 23. Qc3 Rf6 24. Bb3 f4 25. Qe1 Rf5 26. Nd4 Rh5 27. exf4 Nf5 28. Ne6 Qd7 29. Qc3 Rh4 30. Qxd3 Re8 31. Rfe1 Rg8 32. Rac1 Ne7 33. Qc3 Nc8 34. g4 h5 35. f5 Bxf5 36. gxf5 Nb6 0-1

[Event "Nizhnij Novgorod Region-ch"]
[Site "Nizhnij Novgorod"]
[Date "2012.10.09"]
[Round "?"]
[White "Churakhina, Lidiya"]
[Black "Borisov, Sergey N"]
[Result "1-0"]
[WhiteElo "1457"]
[BlackElo "1801"]
[PlyCount "63"]
[EventDate "2012.10.06"]
[EventType "swiss"]
[EventRounds "9"]
[EventCountry "RUS"]
[SourceTitle "EXT 2022"]
[Source "ChessBase"]
[SourceDate "2021.10.06"]
[SourceVersion "1"]
[SourceVersionDate "2021.10.06"]
[SourceQuality "1"]

1. e4 e5 2. Nf3 Nc6 3. Bc4 Bc5 4. d3 Nf6 5. h3 0-0 6. Bg5 d6 7. Nc3 Be6 8. Nd5 Bxd5 9. Bxd5 Nb4 10. Bb3 c6 11. a3 Na6 12. 0-0 Nb8 13. c3 Bb6 14. Nh2 h6 15. Bh4 g5 16. Bg3 Nbd7 17. h4 Kg7 18. hxg5 hxg5 19. Qd2 Kg6 20. Bd1 Rh8 21. Ng4 Rh7 22. Nxf6 Nxf6 23. d4 Qh8 24. f3 Nh5 25. Kf2 Nxg3 26. Kxg3 Rh2 27. Kf2 Qh4+ 28. Ke3 Qf4+ 29. Kd3 Qxd2+ 30. Kxd2 Rxg2+ 31. Be2 exd4 32. c4 1-0